000 00304nam a22001337a 4500
008 170616b xxu||||| |||| 00| 0 eng d
020 _a9780691011806
041 _aeng
080 _a328
100 _a20
101 _aSHP
245 _aMODERNIZATION POSTMODERNIZATION
_cINGLEHART..R
942 _2udc
_cBK
999 _c17844
_d17844